RICS condition report (Record no. 115956)

MARC details
000 -LEADER
fixed length control field 01410cad a22003255a 4500
001 - CONTROL NUMBER
control field L159497
008 - FIXED-LENGTH DATA ELEMENTS--GENERAL INFORMATION
fixed length control field 101207s2010 xxk 000 0 eng u
035 ## - SYSTEM CONTROL NUMBER
System control number (Sirsi) u159497
041 0# - LANGUAGE CODE
Language code of text/sound track or separate title eng
050 04 - LIBRARY OF CONGRESS CALL NUMBER
Classification number 333.332 $2 18
110 2# - MAIN ENTRY--CORPORATE NAME
Corporate name or jurisdiction name as entry element Royal Institution of Chartered Surveyors
9 (RLIN) 4900
245 00 - TITLE STATEMENT
Title RICS condition report
Remainder of title sample report
Medium [electronic resource]
260 ## - PUBLICATION, DISTRIBUTION, ETC.
Place of publication, distribution, etc. Coventry
Name of publisher, distributor, etc. RICS
Date of publication, distribution, etc. 2010
300 ## - PHYSICAL DESCRIPTION
Extent 17p.
505 ## - FORMATTED CONTENTS NOTE
Formatted contents note Introduction to the report -- About the inspection -- Summary of the condition ratings -- About the property -- Outside the property -- Inside the property -- Services -- Grounds (including shared areas for flats) -- Issues for your legal advisers -- Risks -- Surveyor?s declaration -- Description of the RICS Condition Report Service -- Typical house diagram.
520 ## - SUMMARY, ETC.
Summary, etc. For a practice note of the condition report, see L159496.
520 ## - SUMMARY, ETC.
Summary, etc. For a full report use isurv WorkSmart https://www.isurvworksmart.com/login.
521 ## - TARGET AUDIENCE NOTE
Target audience note Advanced
590 ## - LOCAL NOTE (RLIN)
Local note KA
650 24 - SUBJECT ADDED ENTRY--TOPICAL TERM
Topical term or geographic name entry element CONDITION REPORT
650 24 - SUBJECT ADDED ENTRY--TOPICAL TERM
Topical term or geographic name entry element RICS VALUATION STANDARDS
651 #4 - SUBJECT ADDED ENTRY--GEOGRAPHIC NAME
Geographic name England
Chronological subdivision 886-
651 #4 - SUBJECT ADDED ENTRY--GEOGRAPHIC NAME
Geographic name Wales
Chronological subdivision 2007-
651 #4 - SUBJECT ADDED ENTRY--GEOGRAPHIC NAME
Geographic name Northern Ireland
Chronological subdivision 2007-
651 #4 - SUBJECT ADDED ENTRY--GEOGRAPHIC NAME
Geographic name Channel Islands
651 #4 - SUBJECT ADDED ENTRY--GEOGRAPHIC NAME
Geographic name Isle of Man
690 ## - LOCAL SUBJECT ADDED ENTRY--TOPICAL TERM (OCLC, RLIN)
Topical term or geographic name as entry element Valuation
9 (RLIN) 6273
856 41 - ELECTRONIC LOCATION AND ACCESS
Uniform Resource Identifier <a href="https://www.rics.org/Global/Downloads/Condition_report_2016.pdf">https://www.rics.org/Global/Downloads/Condition_report_2016.pdf</a>
Public note View the report free of charge at www.rics.org...
942 ## - ADDED ENTRY ELEMENTS (KOHA)
Suppress in OPAC 0
Holdings
Withdrawn status Lost status Source of classification or shelving scheme Damaged status Not for loan Home library Current library Shelving location Date acquired Total Checkouts Full call number Barcode Date last seen Copy number Price effective from Koha item type
    Dewey Decimal Classification     Virtual Virtual Online 03/08/2017   ONLINE PUBLICATION 159497-2001 06/08/2019 1 06/08/2019 Book